00402nam a2200157Ia 4500003000400000005001700004008004100021020001500062040000900077082001700086100001900103245005600122260004200178300001000220650001400230OSt20191220092857.0190216s9999||||xx |||||||||||||| ||und|| a8170226627 coclc a338.9bKUM/E aKumar, Vinita  0aEconomics Growth And Rural Poverty /cVinita Kumar  bConcept Pubs Company, c1954.aDelhi: a282 p aEconomics